1745 1933 1927 1331 1115 1892 1084 1362 1609 1701 1266 1667 1532 1533 1924 1693 1296 1705 1941 1841 1048 1888 1872 1823 1145 1538 1009 1672 1398 1452 1795 1991 1769 1313 1732 1767 1885 1914 1904 1236 1260 1461 1980 1811 1338 1699 1407 1223 1385 1887 1690 1899 1307 1330 1548 1259 1341 1076 1853 1698 1149 1323 1086 1732 1082 1590 1271 1346 1299 1789 1243 1655 1769 1905 1619 1812 1999 1324 1682 1557 1675 1536 1635 1524 1558 1782 1361 1384 1167 1751 1891 1554 1698 1975 1935 1143 1679 1556 1561 BCNSPRNW ULIB Ver.6.0+V

เปลี่ยนเป็นภาษาไทย

Change to English
 แสดงรายละเอียดบรรณานุกรม
  กลับหน้าหลัก

Brief Record : Get Marc (ISO 2709) : E-mail record : QR code < ปิดหน้าต่าง
LEADER : 00000nam 2200000uu 4500
001    13399114057
003     ULIB
008    110627s||||||||th 000 0 tha d
020    9789747446579
090    นว.^bว859ห 2550
100 0  ฌามิวอาห์
245 00 ริยาห พายุทราย สายลมรัก/^cฌามิวอาห์
250    พิมพ์ครั้งที่ 2
260    กรุงเทพฯ :^bแจ่มใส,^c2550
300    381 หน้า
710 1  แจ่มใส
945    ^p229^l0^i022887
995    ทศพร
999 ^a ใช้งานได้ทุกระบบ
รายการนี้ยังไม่มีแท็ก
คุณยังไม่ได้ล็อกอิน คุณสามารถมีกิจกรรมร่วมกับเว็บไซต์ได้ แต่ต้องล็อกอินก่อน ::
  ล็อกอิน

รายการสื่อสารสนเทศ

ลำดับที่ ประเภท เลขเรียก/บาร์โค้ด สถานที่ สถานะ
1. นวนิยาย
นวนิยาย
นว. ว859ห 2550 ฉ.1 
  Barcode: 022887
ห้องสมุดวิทยาเขตสวรรค์ประชารักษ์
►นวนิยาย
บนชั้น
  ขอยืม

รายการใกล้เคียง
    ผู้แต่ง [ฌามิวอาห์]

BibComment


ยังไม่เคยถูกคอมเมนท์

คอมเมนท์ทรัพยากรรายการนี้
  คอมเมนท์: ริยาห พายุทราย สา..


 Copyright 2026. Bcnsprnw @Library